000 00637nam a2200229Ia 4500
003 OSt
005 20221006151500.0
006 a|||||r|||| 00| 0
007 ta
008 221006b |||||||| |||| 00| 0 eng d
024 _a22,268
037 _cTextual
040 _aEASL
_cEASL
_beng
041 _2eng
_aeng
100 _aICHIMURA Shun-ichi Co.
_9659303
245 0 _aBooks on Japan
_b An assorted bibliography
260 _aKyoto
_bCenter for Southeast Asian Studies
_c1974
300 _a106p.
_ccm.
700 _a YANO T Co.
_9659304
942 _cTEXL
_2CC
999 _c1090354
_d1090354